01278nam a22003497a 4500003000500000005001700005008004100022010001000063011001000073020001500083035001100098040000900109082001600118100003400134245007900168260004800247300002700295590004100322590004100363590004100404590004200445650002500487650002800512650004300540650004400583700003200627901000700659942001000666949008900676999001700765952014600782CHAP20220817044218.0080509d2005 ii r 00110 eng d a94782 a95754 a8173196206 a106384 cCHAP04a574.192bS71 aSrivastava, M.M.eed.910934110aChemistry for green environmentc/ed. by M.M. Srivastava and Rashmi Sanghi aNew Delhi :bNarosa Publishing House,c2005 axx, 364 p. :bgráfs. aBATCH-UPDb10c20130110lUCH01h0755 aBATCH-UPDb10c20130410lUCH01h0435 aBATCH-UPDb10c20130914lUCH01h0645 aCONVERSIONb10c20130109lUCH01h135214aBioquímica.91284914aDesarrollo sustentable.14aMedio ambientexConservación.97406814aMedio ambientexContaminación.9740691 aSanghi, Rashmieed.9102205 aBK cLIBRO a574.192 S7bBCcLIBROd33724002060777eLIBROgI.236321h109473i106384sbt$1.740.00 c94782d94782 00102ddc4052708GRALaBCbBCcPA_GRALd2019-12-31eI.236321fLIBROl0o574.192 S7p33724002060777r2019-12-31 00:00:00w2019-12-31yLIBRO